000 00488nam a22001817a 4500
003 MPLRDC
005 20220104125743.0
008 210129b ||||| |||| 00| 0 eng d
082 _a524.914 DZ v.3 1980*
100 _a马来西亚华文独立中学统一课程编委会编纂
245 _a历史. 第三册
_c
250 _a初版
260 _a
_b联营出版有限公司
_c1980
300 _b
490 _a初级中学适用
650 _a
942 _cBK
_o524.914 DZ v.3 1980*
999 _c29863
_d29853